|
|
|
|
| LEADER |
01329njm a2200313 a 4500 |
| 001 |
001100390 |
| 003 |
CZ BrMZK |
| 005 |
20100624123757.0 |
| 007 |
sd fsngnnmmned |
| 008 |
100604t20102007xr sgn g hrv d |
| 024 |
3 |
|
|a 8594046754871
|
| 028 |
0 |
1 |
|a LK 1487-2
|b Levné knihy
|
| 040 |
|
|
|a BOA001
|b cze
|
| 080 |
|
|
|a 784.4(497.1)
|2 MRF
|
| 080 |
|
|
|a (086.76)
|2 MRF
|
| 245 |
0 |
0 |
|a Písničky z Jugoslávie
|h [zvukový záznam]
|
| 260 |
|
|
|a [Praha] :
|b Levné knihy,
|c 2010
|
| 300 |
|
|
|a 1 zvuková deska :
|b digital ;
|c 12 cm
|
| 500 |
|
|
|a Kompaktní deska
|
| 500 |
|
|
|a Původní fonogram p2007 Vaško Music
|
| 505 |
0 |
0 |
|t Dala by ti dala --
|t Adio bella --
|t Zora --
|t Večeras je naša fešta --
|t Uveni ružo --
|t Majko --
|t Piši dragi svojoj kuči --
|t Zaplakale oči moje majke --
|t Ne mogu da te prežalim --
|t Sine vrati se --
|t Zadre grade --
|t Neče rasti grana jorgovana --
|t Natalija --
|t Neka teku suze
|
| 511 |
0 |
|
|a Karel Kekeši, zpěv ; Marie Hanzelková, zpěv
|
| 650 |
0 |
4 |
|a jugoslavské písně
|
| 655 |
|
7 |
|a kompaktní desky
|7 fd201991
|2 czenas
|
| 700 |
1 |
|
|a Kekeši, Karel,
|d 1967-
|7 mzk2010583476
|4 sng
|
| 700 |
1 |
|
|a Hanzelková, Marie,
|d 1947-
|7 ola200203055
|4 sng
|
| 910 |
2 |
|
|a BOA001
|b CDR-1236.767
|
| 990 |
|
|
|a AV
|
| 996 |
6 |
|
|b 2610440744
|c CDR-1236.767
|l MZK
|r Sklad / do 24 hodin
|n 0
|p p.v.
|w 001128185
|u 000010
|a 1
|e BOA001
|j MZK50
|s P
|